Pays ayant leur capitale à leurs frontières - Statistiques

Statistiques générales
  • Ce quiz a été pris 41 fois
    11 depuis la dernière actualisation
  • Le résultat moyen est 8 sur 14
Statistiques - réponses
Pays % Correct
Vatican
90%
Liechtenstein
80%
Monaco
80%
République Démocratique du Congo
80%
République du Congo
80%
Slovaquie
70%
Togo
70%
Lesotho
60%
Singapour
60%
Paraguay
50%
Tchad
50%
Laos
20%
République Centrafricaine
20%
Italie
10%
Aucun quiz correspondant
Distribution des résultats
% des personnes avec chaque résultat
Percentile par nombre de réponses
Votre historique - résultats
Vous n’avez pas pris ce quiz depuis la dernière actualisation